[Event "AUTO-OPEN-3076"]
[Site "http://www.queenalice.com/game.php?id=1215774"]
[Date "2013.9.10"]
[Round "1"]
[White "ZL"]
[Black "Belbo"]
[Result "1-0"]
[WhiteElo "2111"]
[BlackElo "1814"]

1. d4 Nf6 2. c4 e6 3. g3 Bb4+ 4. Bd2 Qe7 5. Bg2 O-O 6. Nf3 Nc6 7. Nc3 Bxc3 8.
Bxc3 d5 9. O-O Ne4 10. Nd2 Nxc3 11. bxc3 Qd6 12. e4 dxc4 13. Nxc4 Qe7 14. e5 Bd7
15. f4 b5 16. Ne3 1-0

[Event "AUTO-OPEN-3076"]
[Site "http://www.queenalice.com/game.php?id=1215783"]
[Date "2013.9.10"]
[Round "1"]
[White "APSHOOTER"]
[Black "ZL"]
[Result "0-1"]
[WhiteElo "1571"]
[BlackElo "2117"]

1. e4 c6 2. d4 d5 3. e5 Bf5 4. Bd3 Bxd3 5. Qxd3 e6 6. a3 Qa5+ 7. Bd2 Qa6 8. Qxa6
Nxa6 9. Nf3 Ne7 10. Nc3 Nf5 11. O-O-O Be7 12. Bg5 Bxg5+ 13. Nxg5 O-O 14. Ne2
Rac8 15. g4 Ne7 16. f4 h6 17. Nf3 c5 18. dxc5 Nxc5 19. Nfd4 a6 20. h4 Nc6 21. g5
Kh7 22. Nxc6 Rxc6 23. Nd4 Rcc8 24. h5 hxg5 25. fxg5 Ne4 26. g6+ fxg6 27. Nxe6
Rf2 28. hxg6+ Kxg6 29. Rdg1+ Kf5 30. Rh5+ Kxe6 31. b3 Rcxc2+ 32. Kd1 Rfd2+ 0-1

[Event "AUTO-OPEN-3076"]
[Site "http://www.queenalice.com/game.php?id=1215784"]
[Date "2013.9.10"]
[Round "1"]
[White "ZL"]
[Black "APSHOOTER"]
[Result "1-0"]
[WhiteElo "2118"]
[BlackElo "1551"]

1. d4 b6 2. Nf3 Bb7 3. Nbd2 Nf6 4. c4 e6 5. a3 g6 6. g3 Bg7 7. Bg2 d6 8. O-O
Nbd7 9. b4 c5 10. Bb2 Ne4 11. Nxe4 Bxe4 12. Qd2 Bxf3 13. Bxf3 Rb8 14. Rfd1 O-O
15. Rab1 Nf6 16. Qc2 Qc7 17. e4 Nd7 18. Be2 Rbe8 19. Qd3 Re7 20. f4 f5 21. dxc5
dxc5 22. Bxg7 Rxg7 23. Qd6 Qxd6 24. Rxd6 Rd8 25. Rbd1 Re7 26. e5 Kf8 27. Bf3 Ke8
28. Bc6 cxb4 29. axb4 a5 30. bxa5 bxa5 31. c5 h6 32. Ba4 g5 33. c6 gxf4 34. Rxd7
Rdxd7 35. c7 Kf7 36. Rxd7 1-0

[Event "AUTO-OPEN-3005"]
[Site "http://www.queenalice.com/game.php?id=1220747"]
[Date "2013.9.28"]
[Round "2"]
[White "ZL"]
[Black "ggg09"]
[Result "1-0"]
[WhiteElo "2176"]
[BlackElo "1940"]

1. d4 e6 2. c4 f5 3. Nf3 Bb4+ 4. Bd2 Bxd2+ 5. Qxd2 Nf6 6. Nc3 b6 7. Qg5 O-O 8.
e3 Bb7 9. Be2 Nc6 10. Qg3 Nb4 11. O-O d6 12. a3 Nc6 13. d5 exd5 14. cxd5 Ne7 15.
Nd4 Rf7 16. Ne6 Qd7 17. Ng5 Rff8 18. Bb5 c6 19. dxc6 Bxc6 20. Bc4+ d5 21. Rfd1
h6 22. Nf3 Ne4 23. Qe5 Nxc3 24. Qxc3 Rac8 25. Qe5 Bb7 26. Rac1 Ng6 27. Qg3 Rf6
28. Ne5 Qe8 29. Bxd5+ Bxd5 30. Rxc8 Qxc8 31. Nxg6 Qc2 32. Rf1 Kh7 33. Ne5 Qxb2
34. Nd7 Rg6 35. Nf8+ Kg8 36. Nxg6 Kf7 37. Ne5+ Ke6 38. Qg6+ Ke7 39. Qxg7+ Ke6
40. Qxh6+ Kxe5 41. Qg7+ 1-0

[Event "AUTO-OPEN-3005"]
[Site "http://www.queenalice.com/game.php?id=1220748"]
[Date "2013.9.28"]
[Round "2"]
[White "ggg09"]
[Black "ZL"]
[Result "0-1"]
[WhiteElo "2234"]
[BlackElo "2119"]

1. e4 c6 2. d4 d5 3. Nc3 dxe4 4. Nxe4 Bf5 5. Ng3 Bg6 6. Nh3 Nf6 7. Nf4 e5 8.
Nxg6 hxg6 9. dxe5 Qa5+ 10. c3 Qxe5+ 11. Be2 Nbd7 12. O-O O-O-O 13. Qd2 Bc5 14.
Qg5 Qe6 15. h3 Nd5 16. Bf3 Ne5 17. Bg4 f5 18. Bd1 Nf7 19. Qd2 Qe5 20. Ne2 Ne3
21. Qe1 Rxd1 0-1

[Event "AUTO-OPEN-3119"]
[Site "http://www.queenalice.com/game.php?id=1231505"]
[Date "2013.11.10"]
[Round "1"]
[White "Spessatto"]
[Black "ZL"]
[Result "0-1"]
[WhiteElo "1852"]
[BlackElo "2154"]

1. d4 Nf6 2. h3 g6 3. Nf3 Bg7 4. Bf4 O-O 5. e3 d6 6. Bc4 c5 7. c3 Nc6 8. O-O Qb6
9. b3 Bf5 10. Nbd2 Qa5 11. Qc1 b5 12. Be2 Nd5 13. c4 Nxf4 14. exf4 Nxd4 15. Nxd4
Bxd4 16. b4 Qxb4 17. a3 Qa4 18. Ra2 Be6 19. Nf3 Bg7 20. Ng5 Bxc4 21. Bxc4 bxc4
22. f5 gxf5 23. Qf4 h6 24. Nf3 d5 25. Qxf5 e6 26. Qg4 Rab8 27. Rc2 Qxc2 28. Nh4
Rb1 0-1

[Event "AUTO-ADV-2668"]
[Site "http://www.queenalice.com/game.php?id=1235834"]
[Date "2013.11.27"]
[Round "2"]
[White "ZL"]
[Black "Fauquinelle"]
[Result "1-0"]
[WhiteElo "2135"]
[BlackElo "1898"]

1. d4 Nf6 2. c4 b6 3. Nf3 Bb7 4. Nc3 e6 5. a3 d5 6. cxd5 Nxd5 7. e3 Be7 8. Bb5+
c6 9. Bd3 O-O 10. Qc2 Nd7 11. O-O Rc8 12. Bxh7+ Kh8 13. Bd3 c5 14. Qe2 Nxc3 15.
bxc3 cxd4 16. cxd4 Nf6 17. Bb2 Qd5 18. Rfc1 Ng4 19. e4 Qh5 20. h3 Nf6 21. Rxc8
Rxc8 22. Rc1 g5 23. Rxc8+ Bxc8 24. d5 Kh7 25. e5+ 1-0

[Event "AUTO-ADV-2668"]
[Site "http://www.queenalice.com/game.php?id=1235835"]
[Date "2013.11.27"]
[Round "2"]
[White "Fauquinelle"]
[Black "ZL"]
[Result "0-1"]
[WhiteElo "1890"]
[BlackElo "2167"]

1. d4 Nf6 2. c4 g6 3. g3 Bg7 4. Bg2 O-O 5. Nf3 d6 6. O-O Nbd7 7. Nc3 e5 8. e4 c6
9. h3 Qb6 10. d5 cxd5 11. cxd5 Nc5 12. Be3 Bd7 13. Rb1 a5 14. Re1 Ne8 15. Nd2 f5
16. Nb3 f4 17. gxf4 exf4 18. Bxc5 dxc5 19. Na4 Bxa4 20. e5 Rf5 0-1

[Event "AUTO-OPEN-3076"]
[Site "http://www.queenalice.com/game.php?id=1244881"]
[Date "2014.1.3"]
[Round "2"]
[White "PopowskiF"]
[Black "ZL"]
[Result "1/2-1/2"]
[WhiteElo "2152"]
[BlackElo "2140"]

1. e4 c6 2. d4 d5 3. Nc3 dxe4 4. Nxe4 Bf5 5. Ng3 Bg6 6. Nf3 Nd7 7. h4 h6 8. h5
Bh7 9. Bd3 Bxd3 10. Qxd3 Ngf6 11. Bd2 e6 12. O-O-O Qc7 13. Rh4 Be7 14. Ne4 Nxe4
15. Rxe4 O-O-O 16. Qe2 Nf6 17. Rh4 Nd5 18. Re4 Nf6 19. Rh4 1/2-1/2

[Event "AUTO-OPEN-3076"]
[Site "http://www.queenalice.com/game.php?id=1244882"]
[Date "2014.1.3"]
[Round "2"]
[White "ZL"]
[Black "PopowskiF"]
[Result "0-1"]
[WhiteElo "2181"]
[BlackElo "2117"]

1. d4 Nf6 2. c4 g6 3. Nf3 Bg7 4. g3 c6 5. Bg2 d5 6. O-O O-O 7. Nbd2 Nbd7 8. Qc2
Nb6 9. b3 Bf5 10. Qc3 Ne4 11. Nxe4 dxe4 12. Ng5 Bxd4 0-1

[Event "AUTO-OPEN-3076"]
[Site "http://www.queenalice.com/game.php?id=1244885"]
[Date "2014.1.3"]
[Round "2"]
[White "Nille"]
[Black "ZL"]
[Result "1-0"]
[WhiteElo "1808"]
[BlackElo "2140"]

1. e4 c6 2. Nf3 d5 3. exd5 cxd5 4. d4 Nf6 5. Nc3 Nc6 6. Bb5 Bg4 7. Be3 Qb6 8.
Bxc6+ bxc6 9. Qc1 Bxf3 10. gxf3 e6 11. a3 Bd6 12. h3 O-O 13. Rg1 Rfe8 14. Bh6 g6
15. b4 Qxd4 16. Qe3 Qxe3+ 17. fxe3 Be5 18. Kd2 Rac8 19. Bg5 Nd7 20. f4 Bg7 21.
a4 1-0

[Event "AUTO-OPEN-3076"]
[Site "http://www.queenalice.com/game.php?id=1244886"]
[Date "2014.1.3"]
[Round "2"]
[White "ZL"]
[Black "Nille"]
[Result "0-1"]
[WhiteElo "2118"]
[BlackElo "1837"]

1. d4 d5 2. c4 dxc4 3. Nf3 e6 4. e3 c5 5. Bxc4 Nf6 6. O-O h6 7. Nc3 Be7 8. Qe2
cxd4 9. exd4 O-O 10. Re1 a6 11. Bf4 Bb4 12. a3 Bxc3 13. bxc3 b5 14. Bb3 Nc6 15.
Rac1 Bb7 16. h3 Qa5 17. Qa2 Rad8 18. Qb2 Nd5 19. Bd2 Qb6 20. Bxd5 exd5 0-1